|
|
|
|
| LEADER |
00867naa a2200217 i 4500 |
| 001 |
acta76752 |
| 005 |
20221017151801.0 |
| 008 |
221017s2022 hu o 0|| eng d |
| 020 |
|
|
|a 978-963-306-880-9
|
| 024 |
7 |
|
|a 10.14232/sztep.chpp.2022.5
|2 doi
|
| 040 |
|
|
|a SZTE Egyetemi Kiadványok Repozitórium
|b hun
|
| 041 |
|
|
|a eng
|
| 100 |
1 |
|
|a Szabó Csanád
|
| 245 |
1 |
0 |
|a Psychodermatology and health psychology care in dermatology
|h [elektronikus dokumentum] /
|c Szabó Csanád
|
| 260 |
|
|
|a Szegedi Egyetemi Kiadó
|b Szeged
|c 2022
|
| 300 |
|
|
|a 71-81
|
| 490 |
0 |
|
|a Clinical health psychology in practice : theory and case presentations
|
| 650 |
|
4 |
|a Orvos- és egészségtudomány
|
| 650 |
|
4 |
|a Klinikai orvostan
|
| 695 |
|
|
|a Egészségpszichológia, Bőrgyógyászat
|
| 856 |
4 |
0 |
|u http://acta.bibl.u-szeged.hu/76752/1/2022_clinical_health_psychology_071-081.pdf
|z Dokumentum-elérés
|